Statistics for Smash Bros Ultimate - All Spirits From Super Mario

Click here to take the quiz!

General Stats

  • This quiz has been taken 141 times
    (129 since last reset)
  • The average score is 78 of 132

Answer Stats

HintAnswer% Correct
Mario that is metalMetal Mario
99%
Peach in a cat costumeCat Peach
97%
Bowser in a wedding suitWedding Bowser
96%
MushroomToad
95%
Mushroom CaptainCaptain Toad
93%
Waaah (Rejected from smash)Waluigi
93%
GhostBoo
90%
Main villain in Super MarioBowser
90%
Brown enemyGoomba
90%
Guy who is shyShy Guy
90%
Yoshi but femaleBirdo
88%
Bullet with fistsBullet Bill
88%
Throws hammersHammer Bro
88%
King of ghostsKing Boo
88%
Throws spiny turtlesLakitu
86%
Black ball and chainChain Chomp
84%
Main character in Super MarioMario
84%
Turtle enemyKoopa Troopa
82%
Main princess in Super MarioPeach
82%
Bowser’s sonBowser Junior
81%
Bullet with grinBanzai Bill
79%
SquidBlooper
79%
Flying wizardKamek
79%
Rosalina’s SidekickLuma
79%
Plant boss from sunshinePetey Piranha
79%
Star that grants limited invincibilitySuper Star
78%
Feminine version of ToadToadette
78%
Female koopalingWendy
78%
Koopaling with tall green hairIggy
77%
Small rainbow-haired koopalingLemmy
77%
Main sidekick in Super MarioLuigi
77%
Black and white koopalingMorton
77%
Princess in Super Mario GalaxyRosalina
77%
Koopaling with sunglassesRoy
77%
Bowser as a skeletonDry Bowser
75%
Mario that is goldenGold Mario
75%
Koopaling with long blue hairLudwig
75%
Sidekick princess in Super MarioDaisy
74%
Bomb King (SM64)King Bob-Omb
74%
Mario that is paperPaper Mario
74%
Mario’s hat with eyesCappy
73%
Mario that is a medical workerDr. Mario
73%
Koopaling with tall blue hairLarry
73%
Shroom that Mario consumesMushroom
73%
Bowser that is paperPaper Bowser
73%
Bomb enemy that walksBob-omb
71%
Flower that gives Mario fire powerFire Flower
71%
Mayor of New Donk CityPauline
71%
Caterpillar enemyWiggler
71%
Mario as a rockRock Mario
70%
Old version of toadToadsworth
70%
Peach as a babyBaby Peach
68%
Football player who’s charginChargin Chuck
68%
What you collect in Mario SunshineShine Sprite
68%
Mario as a ghostBoo Mario
67%
Boss from 3D LandBoom Boom
67%
Mario as a building constructerBuilder Mario
67%
Mario as a rabbidRabbid Mario
67%
Peach as a rabbidRabbid Peach
67%
Mario that is about to get marriedWedding Mario
67%
Peach that is about to get marriedWedding Peach
67%
Mario’s sidekick attachment in SunshineF.L.U.D.D.
66%
Luigi as a foxFox Luigi
66%
Mouse with rMouser
66%
Man who owns L’s “Mr.-Mr. L
64%
Bosses from 3D LandBoom Boom & Pom Pom
63%
Luma when her stomach is emptyHungry Luma
63%
Rabbit that stealsNabbit
63%
Mario that’s bowser junior (Sunshine)Shadow Mario
63%
Block of dice from Mario PartyDice Block
62%
Small MarioMini Mario
60%
Donkey Kong as a rabbidRabbid Kong
60%
Mario as a starshipStarship Mario
60%
Mario’s hat-shaped airshipThe Odyssey
60%
Wizard in Super Mario RPGGeno
59%
Retro turtle boss “W-Wart
59%
Professor from Luigi’s MansionProfessor E. Gadd
56%
Vacuum from Luigi’s MansionPoltergust 5000
55%
Enemy that slams and is spikyThwomp
55%
Ghostly figure “Viv-Vivian
55%
Enemies from Dr. MarioViruses
53%
Toad as a flying squirrelFlying Squirrel Toad
52%
Baby Rosalina’s Cart “Biddy-Biddybuggy
51%
Baby Mario & Luigi CartGoo-Goo Buggy
51%
Train that is a barrelBarrel Train
49%
Kid from Mario GolfKid
49%
Big purple starLubba
49%
Toy turtle enemyMechakoopa
49%
Citizens in Mario SunshinePiantas
49%
Sea urchin that’s bigBig Urchin
48%
Standard Bike in Mario Kart GamesStandard Bike
48%
Plant that nipsNipper Plant
47%
Standard Kart in Mario Kart GamesStandard Kart
47%
Luigi from Tennis AcesTennis Luigi
47%
Mario from Tennis AcesTennis Mario
47%
Bee enemy from Super Mario GalaxyHoney Queen
45%
Gremlin in a spaceship “Ta-Tatanga
45%
Ghostly dog from Luigi’s MansionPolterpup
44%
Queen of shadowsShadow Queen
44%
Crab that steps from side to sideSidestepper
44%
Paint bucket “Hu-Huey
42%
Marshmallow Creature from Mario RPGMallow
42%
Orange water transporting creaturePlessie
42%
Pink Gold Peach’s Cart “Bad-Badwagon
41%
FlyswatterFlies & Hand
40%
Umbrella from Super Princess PeachPerry
40%
Princess of shroobsPrincess Shroob
40%
Mario as papercraftPapercraft Mario
37%
Purple kamekKammy Koopa
36%
Toad’s Cart “Cheep -Cheep Charger
34%
Mystical star-like creature “Dim-Dimentio
33%
Green galactic frog creature “Prince-Prince Peasley
33%
Man of eggplantsEggplant Man
32%
Frozen block of iceFreezie
32%
Mushroom that is most superiorGolden Mushroom
32%
Host from Mario Party 8MC Ballyhoo
30%
Small Mario with hammersMini Mario & Hammers
30%
French slice of Swiss cheese “Broque-Broque Monsieur
29%
Green galactic wizardFawful
29%
Pidgeon on a blanketPidgit
29%
River Game mode in Super Mario PartyRiver Survival
29%
Small princesses from 3D WorldSprixie Princesses
27%
Flying boy with dream powersDreambert
23%
Fairy from Mario & WarioWanda
22%
Kart from Mario Kart DSB Dasher
21%
Motorbike from the cityCity Tripper
21%
Devilish horrific powerful monster “Ant-“Antasma
19%
Golden star/bomb creatureStarlow
16%
Yoshi Cart that is fastTurbo Yoshi
15%
Brown buggy cart “Bloom-“Bloom Coach
14%
Fireball enemyHothead
8%
New Kart from Mario Kart 8Mach 8
8%

Score Distribution

Percentile by Number Answered

Percent of People with Each Score

Your Score History

You have not taken this quiz since the last reset